000 00694nam a2200289Ia 4500
005 20260324130958.0
008 008 260324s9999 xx 000 0 eng d
020 _a9781315635323
037 _aEBOOK
040 _aCRL
040 _beng
040 _cCRL
041 _2eng
041 _aeng
084 _qCRL
100 _aJeffrey C. Alexander; Isaac Reed
_91183760
245 0 _aCulture, Society, and Democracy
245 4 _bThe Interpretive Approach
260 _bTaylor and Francis
260 _c2007
365 _a
365 _b350
856 _uhttp://www.taylorfrancis.com/books/9781315635323
942 _cEBOOK
999 _c1780515
_d1780515